01400nam a2200301Ia 450000500170000000800410001702000180005804000140007604100130009008200200010310000270012324500590015026000350020930000370024433600270028133700330030833800290034149000130037050502350038365000380061865000320065665000270068870000310071594200170074695201590076395201590092299900170108120260129185602.0210422s2002 mx aod|gr 001 0 spa d a968-19-1096-6 aBPGMbspa aspaheng a613.04244 / C83 aSTOPPARD, MIRIAMeDRA. 0aEL CUERPO DE LA MUJER : bUN MANUAL PARA TODA LA VIDA  aMÉXICO : bAGUILAR ,c2002 . a224 páginas ; c19..2 x 24 cm  2rdacontentatextobtxt 2rdamediaasin mediaciónbn 2rdacarrieravolumen bnc0 aAGUILAR  aEL CUERPO FEMENINO ES UNA MARAVILLA SIN PARALELO. ES FUENTE DE LA VIDA HUMANA , UN OBJETO DE FASCINACIÓN, ADMIRACIÓN Y DESEO CONSTANTES, ADEMÁS DE CONSTITUIR LA ESENCIA DE UNA ENORME CANTIDAD DE LOGROS FÍSICOS Y CREATIVOS. aTECNOLOGÍA (CIENCIAS APLICADAS) aCIENCIAS MÉDICAS MEDICINA aPROMOCIÓN DE SALIUD  aSAUNDERS , ROS bDISEÑO  cGENERAL2ddc 00102ddc40708GENERALaBPCEFCbBPCEFCcACCESO "B" PLANTA BAJAd2026-01-29eDGB o613.0424 / C83p22357r2026-07-03 16:04:49tEJ.2w2021-04-22yGENERAL 00102ddc40728GENERALaBPCEFCbBPCEFCcACCESO "B" PLANTA BAJAd2026-01-29eDGB o613.0424 / C83p22356r2022-11-15 00:00:00tEJ.1w2021-04-22yGENERAL c32655d32655